| 000 | 00662nam a2200205 a 4500 | ||
|---|---|---|---|
| 001 | 000029618 | ||
| 005 | 20200930055700.0 | ||
| 008 | 110419s1997 dr 000 0 spa d | ||
| 040 |
_aDO-SdBNP _bspa _cBNPHU |
||
| 100 | 1 |
_aSoldevilla, Américo _956435 |
|
| 245 | 1 | 0 |
_aProducción de Cordorniz / _cAmérico Soldevilla, Birmania Wagner. |
| 260 |
_aSanto Domingo : _bFDA, _c1997. |
||
| 300 |
_a18 p. ; _c28 cm. |
||
| 490 | 1 |
_aGuías técnica _vno. 3 _apecuaria |
|
| 504 | _aBibliografía : p. 18 | ||
| 700 | 1 |
_aWagner, Birmania _956436 |
|
| 710 | 2 |
_aFudación de Desarrollo Agropecuario _956433 |
|
| 830 | 0 |
_aGuía técnica _vno. 3 _ppecuaria _956437 |
|
| 049 | _aBNPD | ||
| 999 |
_c29110 _d29110 |
||